| 000 | 00000nam##2200000za#4500 |
| 001 | 9.625912 |
| 003 | CaOODSP |
| 005 | 20200401042413 |
| 007 | ta |
| 008 | 150406|2002||||xxc||||| f|0| 0 fre|d |
| 020 | |a0-662-87021-2 |
| 022 | |a1484-2815 |
| 040 | |aCaOODSP|bfre |
| 043 | |an-cn--- |
| 086 | 1 |aFo29-47/28-2002F |
| 110 | 1 |aCanada.|bRessources naturelles Canada. |bService canadien des forêts. |
| 245 | 10|aExpérience sur la régéneration du pin blanc : |bconclusions d'interêt pour les aménagistes / |cpar D. Burgess, F. Pinto et S. Wetzel. |
| 260 | |aVictoria - Colombie Britannique : |bRessources naturelles Canada. |c2002. |
| 300 | |a6p. : |bill., références ; |c28 cm. |
| 490 | 1 |aNotes de transfert technologique|x1484-2815|vN° 28, 2002 |
| 563 | |aDépliant |
| 590 | |a02-24|b2002-06-14 |
| 691 | 07|aArbre|2gcpds |
| 691 | 07|aForesterie|2gcpds |
| 775 | 08|tSome management implications from an eastern white pine regeneration experiment|w(CaOODSP)9.615850 |
| 776 | 0#|tExpérience sur la régéneration du pin blanc : |w(CaOODSP)9.602737 |
| 830 | #0|aNotes de transfert technologique,|x1484-2815|vN° 28, 2002|w(CaOODSP)9.513024 |